zpět

Detail výsledku týmu

Olomouc speciál, Olomouc

Datum a čas kvízu

19 Celkem bodů Celkový počet nahraných bodů na tomto kvízu bez doplňovacích otázek.
14. Pořadí na kvízu Konečné umístění týmu na tomto kvízu.

Zaznamenané odpovědi

# Otázka Odpověď Body Výsledky
1. Která jediná evropská země je... Rusko 0
2. V minulých dnech si netradiční... Jeff Bezos, Richard Branson 1
3. Minulou sobotu došlo k devítih... silnými bouřkami 0
4. Nejen lidem cestujícím za dovo... v Brně 1
5. A na závěr jedna sportovní a v... 3x 0
6. Dovolená se může často během c... v roce 2004 0
7. Pláže v Austrálii jsou proslul... o drony 0
8. Hormon adrenalin je nám velmi... epinefrin 0
9. Dalším adrenalinovým zážitkem,... v Pamploně 0
10. Jedním z nejpoptávanějších adr... Austrálie a Oceánie 0